Normal view
MARC view
Entry Topical Term
001 - CONTROL NUMBER
- control field: 51285
003 - CONTROL NUMBER IDENTIFIER
- control field: ARRUPE
005 - DATE AND TIME OF LATEST TRANSACTION
- control field: 20220407104531.0
008 - FIXED-LENGTH DATA ELEMENTS
- fixed length control field: 220407|| aca||aabn | a|a d
040 ## - CATALOGING SOURCE
- Original cataloging agency: ARRUPE
- Transcribing agency: ARRUPE
150 ## - HEADING--TOPICAL TERM
- Topical term or geographic name as entry element: Mathematics
- General subdivision: Adresses,essays,lecturers
670 ## - SOURCE DATA FOUND
- Source citation: Work cat.: (ARRUPE)131283: ((ed) by Steen,Lynn Arthur 51284, Mathematics today twelve informal essays, 1978.